Shakespeare, The Winter's Tale : (Record no. 19076)
[ view plain ]
| 000 -LEADER | |
|---|---|
| fixed length control field | 00798nam a2200265 a 4500 |
| 001 - CONTROL NUMBER | |
| control field | 19076 |
| 003 - CONTROL NUMBER IDENTIFIER | |
| rucl marc code | BD-RjUL |
| 005 - DATE AND TIME OF LATEST TRANSACTION | |
| control field | 20211209000400.0 |
| 008 - FIXED-LENGTH DATA ELEMENTS--GENERAL INFORMATION | |
| fixed length control field | 140223r19731968enk b 001 1 eng d |
| 035 ## - SYSTEM CONTROL NUMBER | |
| System control number | 68-16112 |
| -- | (BD-RjUL)19134 |
| System control number | (OCoLC)463950 |
| 040 ## - CATALOGING SOURCE | |
| Original cataloging agency | DLC |
| Transcribing agency | DLC |
| Modifying agency | m.c |
| -- | EQO |
| -- | BD-RjUL |
| Language of cataloging | eng |
| 041 ## - LANGUAGE CODE | |
| Language code of text/sound track or separate title | eng |
| 082 ## - DEWEY DECIMAL CLASSIFICATION NUMBER | |
| Classification number | 822.33 |
| Author mark and year | SHA 1973 |
| 245 00 - TITLE STATEMENT | |
| Title | Shakespeare, The Winter's Tale : |
| Remainder of title | a casebook / |
| Statement of responsibility, etc. | ediited by Kenneth Muir. |
| 260 ## - PUBLICATION, DISTRIBUTION, ETC. (IMPRINT) | |
| Place of publication, distribution, etc. | London : |
| Name of publisher, distributor, etc. | Macmillan, |
| Date of publication, distribution, etc. | c1968 [reprinted 1973] |
| 300 ## - PHYSICAL DESCRIPTION | |
| Pagination | 243 p. : |
| Size | 21 cm |
| 504 ## - BIBLIOGRAPHY, ETC. NOTE | |
| Bibliography, etc | Includes bibliographical references |
| 600 10 - SUBJECT ADDED ENTRY--PERSONAL NAME | |
| Personal name | Shakespeare, William, |
| Dates associated with a name | 1564-1616. |
| 700 1# - ADDED ENTRY--PERSONAL NAME | |
| Personal name | Muir, Kenneth |
| 830 #0 - SERIES ADDED ENTRY--UNIFORM TITLE | |
| Uniform title | Casebook series |
| 942 ## - ADDED ENTRY ELEMENTS (KOHA) | |
| Source of classification or shelving scheme | Dewey Decimal Classification |
| Koha item type | Books |
| Lost status | Source of classification or shelving scheme | Damaged status | Not for loan | Collection code | Permanent Location | Current Location | Shelving location | Date acquired | Source of acquisition | Cost, normal purchase price | Total Checkouts | Full call number | Date last seen | Copy number | Koha item type |
|---|---|---|---|---|---|---|---|---|---|---|---|---|---|---|---|
| Dewey Decimal Classification | Not For Loan | Fiction | Central Library, University of Rajshahi | Central Library, University of Rajshahi | Reading Room | 13/09/1983 | Tulip entp, | 80.68 | 822.33 SHA 1973 | 23/02/2014 | C-1 | Books |